000 00459nam a22001697a 4500
999 _c5662
_d5662
003 OSt
005 20190108172038.0
008 190108b ||||| |||| 00| 0 eng d
040 _cDLC
082 _a220.9
_bH645P
100 _aHill, Gilman.
245 _aPeace in the Holy Land :
_bA Biblical Plan /
_cGilman Hill.
260 _aTulsa, Oklahoma :
_bMegaharvest Group, inc ,
_cc1991.
300 _a140 p.:
648 _aArab-Israeli conflict.
942 _2ddc
_cBK